| 000 | 00000nas 2200000za 4500 |
| 001 | 9.809980 |
| 003 | CaOODSP |
| 005 | 20221107140742 |
| 007 | cr ||||||||||| |
| 008 | 160126d19731989oncar p oss f000#b0fre|d |
| 022 | |y0703-2684 |
| 040 | |aCaOODSP|bfre |
| 041 | |aeng|afre |
| 043 | |an-cn--- |
| 086 | 1 |aCS71-201-PDF |
| 245 | 00|aHistorical labour force statistics, actual data, seasonal factors, seasonally adjusted data |h[ressource électronique] / |cStatistics Canada, Labour Force Survey Division, Labour Force Surveys Section = Statistiques chronologiques sur la population active, chiffres réels, facteurs saisonniers et données désaisonnalisées / Statistique Canada, Division des enquêtes sur la population active, Section des enquêtes sur la population active. |
| 246 | 11|aStatistiques chronologiques sur la population active, chiffres réels, facteurs saisonniers et données désaisonnalisées |
| 260 | |a[Ottawa] : |bStatistique Canada, |c1974-1990. |
| 310 | |aAnnuel |
| 362 | 0 |a1973-1989. |
| 500 | |aÉdition numérisée de l’imprimé [par Statistique Canada]. |
| 515 | |aLa livr. de 1975 n'a pas été publiée. |
| 546 | |aTexte en anglais et en français. |
| 550 | |aPublié 1976-1978 par la Division des enquêtes sur la population active, Section du traitement et de la diffusion des données; 1979-1984 par la Division de l'enquête sur la population active; 1985-1989 par la Division des enquêtes-ménages. |
| 692 | 07|2gccst|aMarché du travail |
| 692 | 07|2gccst|aChômage |
| 710 | 1 |aCanada. |bStatistique Canada. |bDivision de l'enquête sur la population active. |
| 710 | 2 |aStatistique Canada.|bDivision des enquêtes-ménages. |
| 710 | 2 |aStatistique Canada.|bDivision des enquêtes sur la population active.|bSection du traitement et de la diffusion des données. |
| 710 | 2 |aStatistique Canada.|bSection des enquêtes sur la population active. |
| 780 | 00|tSeasonally adjusted labour force statistics |w(CaOODSP)9.809958 |
| 785 | 00|tHistorical labour force statistics |w(CaOODSP)9.809984 |
| 791 | |tHistorical labour force statistics, actual data, seasonal factors, seasonally adjusted data |eeng|w(CaOODSP)9.809978 |